[Event "Naantali Avoin op"]
[Site "Naantali"]
[Date "2018.07.04"]
[Round "4"]
[White "Koivumaeki, Marko"]
[Black "Smeds, Tom"]
[Result "1/2-1/2"]
[WhiteElo "1785"]
[BlackElo "1900"]
[PlyCount "80"]
[EventDate "2018.07.02"]
[EventType "swiss"]
[EventRounds "9"]
[EventCountry "FIN"]
[SourceTitle "EXT 2019"]
[Source "ChessBase"]
[SourceDate "2018.10.10"]
[SourceVersion "1"]
[SourceVersionDate "2018.10.10"]
[SourceQuality "1"]

1. c4 b6 2. Nc3 Bb7 3. d4 e6 4. a3 g6 5. e4 Bg7 6. Be3 Ne7 7. Bd3 f5 8. Nge2 fxe4 9. Bxe4 Bxe4 10. Nxe4 0-0 11. 0-0 Nbc6 12. Qd2 Nf5 13. Rad1 Nxe3 14. Qxe3 Qe7 15. N4c3 Rae8 16. Qd3 a5 17. Rd2 d6 18. Nb5 Qd8 19. f4 Ne7 20. d5 e5 21. fxe5 Rxf1+ 22. Kxf1 Bxe5 23. g3 Nf5 24. Nbd4 Nxd4 25. Nxd4 Bxd4 26. Qxd4 Qe7 27. Qd3 Qe1+ 28. Kg2 Qe4+ 29. Qxe4 Rxe4 30. Rc2 Kf7 31. Kf3 Re5 32. g4 h5 33. h4 hxg4+ 34. Kxg4 Kg7 35. Kf4 Re1 36. a4 Kf6 37. b3 Rf1+ 38. Kg4 Rg1+ 39. Kf4 Rh1 40. Kg4 Rg1+ 1/2-1/2

[Event "Naantali Avoin op"]
[Site "Naantali"]
[Date "2018.07.03"]
[Round "3"]
[White "Koivumaeki, Marko"]
[Black "Asikainen, Eeli"]
[Result "1-0"]
[WhiteElo "1785"]
[BlackElo "1310"]
[PlyCount "99"]
[EventDate "2018.07.02"]
[EventType "swiss"]
[EventRounds "9"]
[EventCountry "FIN"]
[SourceTitle "EXT 2019"]
[Source "ChessBase"]
[SourceDate "2018.10.10"]
[SourceVersion "1"]
[SourceVersionDate "2018.10.10"]
[SourceQuality "1"]

1. c4 c6 2. e4 e5 3. Nf3 d6 4. Nc3 Nf6 5. h3 Be7 6. Be2 h6 7. 0-0 0-0 8. d4 exd4 9. Qxd4 Be6 10. Bf4 c5 11. Qd2 Qb6 12. Rfd1 Rd8 13. Qc2 a6 14. Rd2 Nbd7 15. Rad1 Nf8 16. g4 Ng6 17. Bh2 Rac8 18. Bd3 Kh8 19. Re1 Qc6 20. Nd5 Bxd5 21. exd5 Qe8 22. Bxg6 fxg6 23. Rde2 Rc7 24. Nh4 Kh7 25. Re6 Qf7 26. Nxg6 Qxg6 27. Qxg6+ Kxg6 28. Rxe7 Rxe7 29. Rxe7 b5 30. b3 b4 31. Re6 Re8 32. Rxd6 Re1+ 33. Kg2 Ra1 34. Rxa6 Kf7 35. Ra7+ Ke8 36. Be5 Rb1 37. Bxf6 gxf6 38. Kg3 Rb2 39. Kf3 Rc2 40. Ke3 Rc3+ 41. Ke4 Rxh3 42. Kf5 Rf3+ 43. Ke6 Kf8 44. d6 Rxf2 45. d7 Re2+ 46. Kxf6 Rf2+ 47. Ke6 Re2+ 48. Kd6 Rd2+ 49. Kc7 Ke7 50. Kc8 1-0

[Event "IECC KO email"]
[Site "IECC email"]
[Date "2001.08.05"]
[Round "?"]
[White "Koivumaeki, Marko"]
[Black "Ventimiglia, Charles"]
[Result "1-0"]
[WhiteElo "1570"]
[BlackElo "1648"]
[PlyCount "23"]
[EventDate "2001.??.??"]
[EventType "tourn (corr)"]
[EventRounds "6"]
[SourceTitle "Corr 2008"]
[Source "ChessBase"]
[SourceDate "2008.06.24"]
[SourceVersion "1"]
[SourceVersionDate "2008.06.24"]
[SourceQuality "1"]

1. b4 e5 2. Bb2 d6 3. e3 Nf6 4. Nf3 e4 5. Nd4 Be7 6. Be2 c5 7. bxc5 dxc5 8. Nb3 Nc6 9. 0-0 Be6 10. d3 0-0 11. N1d2 exd3 12. cxd3 1-0

[Event "IECC Y2KO email"]
[Site "IECC email"]
[Date "1999.10.14"]
[Round "?"]
[White "Mraz, Miroslav"]
[Black "Koivumaeki, Marko"]
[Result "1-0"]
[WhiteElo "2184"]
[BlackElo "1564"]
[PlyCount "67"]
[EventDate "1999.??.??"]
[EventType "tourn (corr)"]
[EventRounds "2"]
[SourceTitle "Corr 2008"]
[Source "ChessBase"]
[SourceDate "2008.06.24"]
[SourceVersion "1"]
[SourceVersionDate "2008.06.24"]
[SourceQuality "1"]

1. d4 e6 2. c4 Nf6 3. Nc3 Bb4 4. Qc2 0-0 5. a3 Bxc3+ 6. Qxc3 b6 7. Bg5 Bb7 8. f3 h6 9. Bh4 d5 10. e3 Nbd7 11. Nh3 c5 12. cxd5 exd5 13. Bd3 Re8 14. 0-0 Rc8 15. Rfe1 Nf8 16. dxc5 Rxc5 17. Qb3 N8d7 18. Rad1 Ne5 19. Bb5 Re6 20. Nf4 Rd6 21. Nh5 g5 22. Nxf6+ Qxf6 23. Bf2 Rc8 24. Rd4 a6 25. Be2 Qd8 26. Red1 Nc4 27. Bg3 Na5 28. Qa2 Rd7 29. b4 Nc6 30. Rxd5 Rxd5 31. Rxd5 Qe7 32. Qd2 Rd8 33. e4 Rxd5 34. exd5 1-0

[Event "IECC TH-M email"]
[Site "IECC email"]
[Date "1999.07.29"]
[Round "?"]
[White "Koivumaeki, Marko"]
[Black "Perz, Martial"]
[Result "0-1"]
[WhiteElo "1570"]
[BlackElo "1883"]
[PlyCount "74"]
[EventDate "1999.??.??"]
[EventType "match (corr)"]
[EventRounds "2"]
[SourceTitle "Corr 2008"]
[Source "ChessBase"]
[SourceDate "2008.06.24"]
[SourceVersion "1"]
[SourceVersionDate "2008.06.24"]
[SourceQuality "1"]

1. f4 e5 2. d3 exf4 3. Bxf4 d5 4. e3 c5 5. Nf3 Nf6 6. Nbd2 Nc6 7. Be2 Nh5 8. Bg5 Be7 9. Bxe7 Qxe7 10. Nf1 Nf6 11. h3 0-0 12. Qd2 b5 13. Ng3 Re8 14. Kf2 Bb7 15. Rhe1 Rad8 16. c3 a6 17. Bd1 Ne4+ 18. dxe4 dxe4 19. Qc2 exf3 20. Bxf3 Ne5 21. Bxb7 Qxb7 22. Rad1 c4 23. Rxd8 Rxd8 24. Re2 Nd3+ 25. Kg1 Qd5 26. Nf1 a5 27. Nd2 Nc5 28. Nf3 Qd1+ 29. Qxd1 Rxd1+ 30. Kh2 Ne4 31. Nd4 b4 32. Nc6 bxc3 33. bxc3 h5 34. g3 Nxc3 35. Rc2 Nd5 36. Nxa5 Nxe3 37. Re2 Rd3 0-1

[Event "IECC TH-M email"]
[Site "IECC email"]
[Date "1999.03.28"]
[Round "?"]
[White "Koivumaeki, Marko"]
[Black "Fuhrmann, Andreas"]
[Result "1/2-1/2"]
[WhiteElo "1555"]
[BlackElo "1567"]
[PlyCount "68"]
[EventDate "1999.??.??"]
[EventType "match (corr)"]
[EventRounds "2"]
[SourceTitle "Corr 2008"]
[Source "ChessBase"]
[SourceDate "2008.06.24"]
[SourceVersion "1"]
[SourceVersionDate "2008.06.24"]
[SourceQuality "1"]

1. d4 Nf6 2. c4 c5 3. d5 b5 4. cxb5 a6 5. bxa6 Bxa6 6. g3 d6 7. Bg2 g6 8. b3 Bg7 9. Bb2 Nbd7 10. Nh3 0-0 11. 0-0 Ra7 12. Nf4 Qa8 13. Ne6 fxe6 14. dxe6 Bb7 15. Bxb7 Qxb7 16. exd7 Qxd7 17. a4 Qh3 18. Bxf6 Bxf6 19. Ra2 Qe6 20. Qd3 Rb7 21. Nd2 Rb4 22. e3 Bg7 23. Rc1 Qf7 24. f4 g5 25. Rc4 gxf4 26. Rxb4 cxb4 27. gxf4 d5 28. Nf1 Kh8 29. Ng3 e5 30. Rd2 exf4 31. exf4 Qxf4 32. Qxd5 Qe3+ 33. Kh1 Bc3 34. Rd1 Be5 1/2-1/2

[Event "IECC CL5-1998.16"]
[Site "IECC email"]
[Date "1998.07.12"]
[Round "?"]
[White "Kanakuri, Shinji"]
[Black "Koivumaeki, Marko"]
[Result "1/2-1/2"]
[WhiteElo "1589"]
[BlackElo "1500"]
[PlyCount "40"]
[EventDate "1998.??.??"]
[EventType "tourn (corr)"]
[EventRounds "4"]
[SourceTitle "Corr 2008"]
[Source "ChessBase"]
[SourceDate "2008.06.24"]
[SourceVersion "1"]
[SourceVersionDate "2008.06.24"]
[SourceQuality "1"]

1. d4 c6 2. c4 d5 3. cxd5 cxd5 4. Nf3 Nf6 5. Bf4 Nc6 6. Nc3 Bf5 7. e3 e6 8. Ne5 Nxe5 9. Bxe5 Nd7 10. Qb3 Nxe5 11. dxe5 Be7 12. g4 Bg6 13. Qxb7 0-0 14. Be2 Rb8 15. Qxa7 Rxb2 16. Rc1 Bb4 17. a3 Qa5 18. Qxa5 Bxa5 19. Kf1 Rc8 20. Na2 Rxc1+ 1/2-1/2

[Event "IECC CL5-1998.16"]
[Site "IECC email"]
[Date "1998.07.12"]
[Round "?"]
[White "Koivumaeki, Marko"]
[Black "Maltez, Nuno Manuel Fidalgo"]
[Result "1/2-1/2"]
[WhiteElo "1524"]
[BlackElo "1479"]
[PlyCount "66"]
[EventDate "1998.??.??"]
[EventType "tourn (corr)"]
[EventRounds "4"]
[SourceTitle "Corr 2008"]
[Source "ChessBase"]
[SourceDate "2008.06.24"]
[SourceVersion "1"]
[SourceVersionDate "2008.06.24"]
[SourceQuality "1"]

1. d4 d5 2. c4 c6 3. Nf3 Nf6 4. e3 Bf5 5. cxd5 cxd5 6. Qb3 Qc7 7. Nc3 e6 8. Bd2 Nc6 9. Bb5 Bd6 10. Rc1 Rb8 11. 0-0 a6 12. Bxc6+ bxc6 13. Qa4 Rxb2 14. Qxa6 0-0 15. Nb5 Rxb5 16. Rxc6 Bxh2+ 17. Nxh2 Qb8 18. Rfc1 Rb1 19. a3 Qb2 20. Rxb1 Qxb1+ 21. Qf1 Qb7 22. Qc1 Bd3 23. Bb4 Re8 24. Nf3 Bc4 25. Rc5 Nd7 26. Ra5 Rc8 27. Qe1 f6 28. Nd2 Bd3 29. Nb3 Bc4 30. Nc5 Nxc5 31. Rxc5 Rxc5 32. Bxc5 Qb3 33. Qa5 Qd1+ 1/2-1/2